00000000nam##2200000za#4500
0019.648246
003CaOODSP
00520210615113012
007ta
008150407|2001||||xxc|||||     f|0| 0 eng|d
020 |a0-662-30781-X
040 |aCaOODSP|beng
043 |an-cn---
0861 |aA22-226/2001E
1101 |aCanada.|bAgriculture and Agri-Food Canada. |bPolicy Branch.
24510|aVertical linkages in agri-food supply chains in Canada and the United States / |cby Jill E. Hobbs and Linda M. Young.
260 |aOttawa - Ontario : |bAgriculture and Agri-Food Canada. |c2001.
300 |aix, 84p. : |bgraphs, tables ; |c28 cm.
500 |a"This report describes the nature of vertical linkages in agriculture, ranging from spot markets to vertical integration. It reviews the applied and theoretical literature relating to vertical coordination."--Executive summary.
504 |aBibliography.
563 |aSpiral binding
590 |a01-31|b2001-08-03
69007|aAgri-food industry|2gcpds
69007|aMarket analysis|2gcpds
7201 |aYoung, Linda M.
77508|tLes liens verticaux dans les chaînes d'approvisionnement agroalimentaire au Canada et aux États-Unis / |w(CaOODSP)9.681554
7760#|tVertical linkages in agri-food supply chains in Canada and the United States / |w(CaOODSP)9.693522
986 |a2083/E